00482nam a2200193Ia 4500003000400000005001700004008004100021040000700062041001200069082001700081100002600098245004800124260005500172300001200227365001100239650001000250650000900260650001900269OSt20250411104214.0210719s2014 xx 000 0 und d cAL aKonkani a891.461 BHAF aBHAT (Kochchi Ananta) aFul ani kanto: konkani bhavagitanlo sangrah aManglurubKarnataka Konkani Sahitya Akademy.c2014 a112bPB b40cRs aPhool aPhul aKonkani Poetry